مكتبة جامعة عجلون الوطنية

فهرس بحث المكتبة

Tuning Middle East and North Africa: Reference Point for the Design and Delivery of Degree Programmes in Nursing (Record no. 2979)

MARC details
000 -LEADER
fixed length control field 00743nam a2200217Ii 4500
003 - CONTROL NUMBER IDENTIFIER
control field JO-AjNU
008 - FIXED-LENGTH DATA ELEMENTS--GENERAL INFORMATION
fixed length control field 230606s9999||||xx |||||||||||||| ||und||
017 ## - COPYRIGHT OR LEGAL DEPOSIT NUMBER
Copyright or legal deposit number 2017/244
020 ## - INTERNATIONAL STANDARD BOOK NUMBER
International Standard Book Number 978-84-16982-07-3
040 ## - CATALOGING SOURCE
Original cataloging agency JO-AjNU
Language of cataloging eng
Description conventions rda
Transcribing agency JO-AjNU
041 ## - LANGUAGE CODE
Language code of text/sound track or separate title eng
050 14 - LIBRARY OF CONGRESS CALL NUMBER
Classification number RT69 2016
100 3# - MAIN ENTRY--PERSONAL NAME
Personal name Authors Eswi, Abeer Saad واخرون, Abeer Saad Eswi (editor),
Relator term author
9 (RLIN) 5756
245 00 - TITLE STATEMENT
Title Tuning Middle East and North Africa: Reference Point for the Design and Delivery of Degree Programmes in Nursing
264 31 - PRODUCTION, PUBLICATION, DISTRIBUTION, MANUFACTURE, AND COPYRIGHT NOTICE
Place of production, publication, distribution, manufacture Bibao: University of Deusto, 2016
300 ## - PHYSICAL DESCRIPTION
Extent 63p
336 ## - CONTENT TYPE
Content type term text
Content type code txt
Source rdacontent
337 ## - MEDIA TYPE
Media type term unmediated
Media type code n
Source rdamedia
338 ## - CARRIER TYPE
Carrier type term volume
Carrier type code nc
Source rdacarrier
650 #4 - SUBJECT ADDED ENTRY--TOPICAL TERM
Topical term or geographic name entry element Nursing - Study- Scensics
9 (RLIN) 5757
Holdings
Withdrawn status Lost status Source of classification or shelving scheme Damaged status Not for loan Home library Current library Shelving location Date acquired Total Checkouts Full call number Barcode Date last seen Price effective from Koha item type
    Library of Congress Classification     مكتبة جامعة عجلون الوطنية مكتبة جامعة عجلون الوطنية المجموعات العامة 06/06/2023   RT69 2016 E2981 06/06/2023 06/06/2023 Books